| 000 | 00394nam a2200133Ia 4500 | ||
|---|---|---|---|
| 008 | 210210b1980 xxu||||| |||| 00| 0 eng d | ||
| 082 | _a304.8 PREU | ||
| 100 | _aPremi (Mahendra K). | ||
| 245 | _aUrban outmigration. A study of its nature, causes and consequences. | ||
| 260 |
_aNew Delhi. _bSterling Publishers Pvt Ltd., _c1980 |
||
| 300 | _axxiii,184 | ||
| 690 | _aPopulation | ||
| 906 | _a035979 | ||
| 999 |
_c86761 _d86761 |
||